000 00805nam a2200193 a 4500
008 060516s2006 ||||||||||||||||| || u
020 _a0821363999
050 _aHC 60 Rep
110 _aWorld Bank
245 1 0 _aRepositioning nutrition as central to development: a strategy for large-scale action
_cby the World Bank
260 _aWashington, D. C.
_bWorld Bank
_c2006
300 _axix; 246p.; ill.
350 _a0.00
490 _aDirections in development
650 _aNUTRITION--GOVERNMENT POLICY--DEVELOPING COUNTRIES
650 _aMALNUTRITION--DEVELOPING COUNTRIES
650 _aECONOMIC ASSISTANCE--DEVELOPING COUNTRIES
995 _D0.00
_FCBU-MAIN LIBRARY (Kitwe)
_H1
_I0.00
_M1
_UAVAILABLE
_WMay 16, 2006
_ZMain Library Open Access Collection
999 _c56252
_d56252